000 00987nam a22003137a 4500
003 CHAP
005 20220329135039.0
008 971013s1955 r 00010 d
010 _a30084
011 _a31056
035 _a35168
040 _cCHAP
082 _a627
_bL55
100 0 0 _aLinsley, Ray K.
_967005
245 _aElements of hydraulic engineering
260 _aNew York :
_bMcGraw-Hill,
_c1955
300 _a582 p.
_b: ilus.
590 _aBATCH-UPD
_b10
_c20130110
_lUCH01
_h0214
590 _aBATCH-UPD
_b10
_c20130110
_lUCH01
_h1548
590 _aBATCH-UPD
_b10
_c20130410
_lUCH01
_h0947
590 _aBATCH-UPD
_b10
_c20130914
_lUCH01
_h1435
590 _aCONVERSION
_b10
_c20130109
_lUCH01
_h1317
650 1 4 _aIngenierĂ­a hidrĂ¡ulica.
_958235
700 0 _aFranzini, Joseph B.
_943053
901 _aBK
942 _cLIBRO
949 _a627 L55
_bBC
_cLIBRO
_d33724000020319
_eLIBRO
_h18900
_i35168
_si
949 _a627 L55
_bBC
_cLIBRO
_d33724000020327
_eLIBRO
_fc.2
_h18901
_i35168
_si
999 _c30084
_d30084